Secrets of the trading pros : Techniques and tips that pros use to beat the market

Now, with Secrets of the Trading Pros, Bouroudjian shares this carefully guarded information with you, and reveals how it can be used to enhance your daily trading endeavors. Through engaging stories and illustrative examples, Bouroudjian sheds much needed light on the dynamics that drive the market...

Deskribapen osoa

Gorde:
Xehetasun bibliografikoak
Egile nagusia: Bouroudjian, H. Jack
Formatua: Liburua
Hizkuntza:Undetermined
Argitaratua: Hoboken, N.J. John Wiley & Sons 2007
Gaiak:
Etiketak: Etiketa erantsi
Etiketarik gabe, Izan zaitez lehena erregistro honi etiketa jartzen!
Thư viện lưu trữ: Trung tâm Học liệu Trường Đại học Cần Thơ
LEADER 01353nam a2200229Ia 4500
001 CTU_162383
008 210402s9999 xx 000 0 und d
020 |c 49.95 
082 |a 332.640973 
082 |b B775 
100 |a Bouroudjian, H. Jack 
245 0 |a Secrets of the trading pros : 
245 0 |b Techniques and tips that pros use to beat the market 
245 0 |c H. Jack Bouroudjian 
260 |a Hoboken, N.J. 
260 |b John Wiley & Sons 
260 |c 2007 
520 |a Now, with Secrets of the Trading Pros, Bouroudjian shares this carefully guarded information with you, and reveals how it can be used to enhance your daily trading endeavors. Through engaging stories and illustrative examples, Bouroudjian sheds much needed light on the dynamics that drive the market from day to day, and discusses how you can capitalize on the price action created from its volatility. And while a majority of the book focuses on the importance of fundamental information, and how new developments are factored into prices, Secrets of the Trading Pros also looks at the predictable behavior of market participants and explains how you can benefit from these situations as well. 
650 |a Futures,Investments 
650 |z United States,United States 
904 |i DTH.Trang, Giang 
980 |a Trung tâm Học liệu Trường Đại học Cần Thơ